<?xml version="1.0" encoding="UTF-8"?>
<marc:record xmlns:marc="http://www.loc.gov/MARC21/slim">
   <marc:leader>00000nam a2200000 a 4500</marc:leader>
   <marc:datafield ind1="1" ind2=" " tag="100">
      <marc:subfield code="a">Tadday, Ulrich</marc:subfield>
      <marc:subfield code="4">edt</marc:subfield>
      <marc:subfield code="e">Bearbeiter/-in</marc:subfield>
   </marc:datafield>
   <marc:datafield ind1=" " ind2=" " tag="653">
      <marc:subfield code="a">Magnard</marc:subfield>
   </marc:datafield>
   <marc:datafield ind1=" " ind2=" " tag="653">
      <marc:subfield code="a">Albéric</marc:subfield>
   </marc:datafield>
   <marc:datafield ind1=" " ind2=" " tag="653">
      <marc:subfield code="a">Frankreich</marc:subfield>
   </marc:datafield>
   <marc:datafield ind1=" " ind2=" " tag="653">
      <marc:subfield code="a">Komponisten</marc:subfield>
   </marc:datafield>
   <marc:datafield ind1=" " ind2=" " tag="653">
      <marc:subfield code="a">Musik des 20. Jahrhunderts</marc:subfield>
   </marc:datafield>
   <marc:datafield ind1=" " ind2=" " tag="653">
      <marc:subfield code="a">Softcover / Sachbücher/Musik</marc:subfield>
   </marc:datafield>
   <marc:datafield ind1=" " ind2=" " tag="653">
      <marc:subfield code="a">Film</marc:subfield>
   </marc:datafield>
   <marc:datafield ind1=" " ind2=" " tag="653">
      <marc:subfield code="a">Theater</marc:subfield>
   </marc:datafield>
   <marc:datafield ind1=" " ind2=" " tag="653">
      <marc:subfield code="a">Aufsatzsammlung</marc:subfield>
   </marc:datafield>
   <marc:datafield ind1="0" ind2="0" tag="245">
      <marc:subfield code="a">Albéric Magnard</marc:subfield>
   </marc:datafield>
   <marc:datafield ind1="0" ind2="0" tag="245">
      <marc:subfield code="c">hrsg. von Ulrich Tadday</marc:subfield>
   </marc:datafield>
   <marc:datafield ind1=" " ind2="1" tag="264">
      <marc:subfield code="a">München</marc:subfield>
      <marc:subfield code="b">Ed. Text + Kritik</marc:subfield>
      <marc:subfield code="c">2014</marc:subfield>
   </marc:datafield>
   <marc:datafield ind1="1" ind2=" " tag="490">
      <marc:subfield code="a">Musik-Konzepte</marc:subfield>
      <marc:subfield code="v">H. 163</marc:subfield>
   </marc:datafield>
   <marc:datafield ind1="1" ind2=" " tag="520">
      <marc:subfield code="a">Angaben aus der Verlagsmeldung

Albéric Magnard

Albéric Magnards OEuvre ist nicht sehr umfangreich, doch zählen einige seiner Kompositionen zu den herausragenden Werken der französischen Musikgeschichte. Anlässlich seines 100. Todestags ist dieses Heft aus der Reihe »Musik-Konzepte« Leben und Werk Albéric Magnards gewidmet. Nur etwa 20 Kompositionen sind von dem »großen Einzelgänger in der französischen Musik um 1900« (Jens Malte Fischer) überliefert, darunter vier Sinfonien, drei Opern, mehrere Orchesterwerke, Kammer- und Klaviermusik sowie Lieder. Von der Musik Albéric Magnards, nicht zuletzt von den späten Werken wie der Vierten Sinfonie und der Oper »Bérénice«, aber auch von seinem Leben und tragischen Tod handelt dieses Heft. Albéric Magnard, 1865 in Paris geboren, starb am 3. September 1914, quasi am Vorabend der Schlacht an der Marne. Er kam in den Flammen seines Anwesens Manoir des Fontaines in Baron (Oise) um, nachdem er sein Haus gegen eine Gruppe deutscher Soldaten verteidigt hatte. 2014 jährt sich der Ausbruch des Ersten Weltkriegs zum 100.Mal. Auch aus diesem Grund ist das erste Heft der »Musik-Konzepte« 2014 Albéric Magnard gewidmet, der darauf wartet, wiederentdeckt zu werden.
</marc:subfield>
   </marc:datafield>
   <marc:datafield ind1=" " ind2=" " tag="020">
      <marc:subfield code="a">9783869163314</marc:subfield>
      <marc:subfield code="9">9783869163314</marc:subfield>
   </marc:datafield>
   <marc:datafield ind1=" " ind2=" " tag="020">
      <marc:subfield code="a">3869163313</marc:subfield>
      <marc:subfield code="9">3869163313</marc:subfield>
   </marc:datafield>
   <marc:datafield ind1=" " ind2=" " tag="041">
      <marc:subfield code="a">ger</marc:subfield>
   </marc:datafield>
   <marc:datafield ind1=" " ind2=" " tag="300">
      <marc:subfield code="a">129 S.</marc:subfield>
   </marc:datafield>
</marc:record>
